000 00270nam a22001217a 4500
008 171014b xxu||||| |||| 00| 0 eng d
041 _aeng
080 _a33
100 _a52
101 _aEKO
245 _aMODERN INTERNATIONAL ECONOMICS
_cETHIER, W.J
942 _2udc
_cBK
999 _c33973
_d33973